Исследование автоматизированной системы "Умный Дом" с точки зрения интеграции инженерных систем; Молодежь и современные информационные технологии

Podrobná bibliografie
Parent link:Молодежь и современные информационные технологии.— 2007.— [С. 326-328]
Hlavní autor: Сидунов А. А.
Další autoři: Громаков Е. И. Евгений Иванович
Shrnutí:Заглавие с титульного листа.
Jazyk:ruština
Vydáno: 2007
Témata:
On-line přístup:http://www.lib.tpu.ru/fulltext/c/2007/C04/006.pdf
Médium: Elektronický zdroj Kapitola
KOHA link:https://koha.lib.tpu.ru/cgi-bin/koha/opac-detail.pl?biblionumber=603232

MARC

LEADER 00000naa2a2200000 4500
001 603232
005 20260226150338.0
035 |a (RuTPU)RU\TPU\conf\381 
035 |a RU\TPU\conf\362 
090 |a 603232 
100 |a 20131223d2007 k y0rusy50 ca 
101 0 |a rus 
102 |a RU 
135 |a drnn ---uucaa 
181 0 |a i  
182 0 |a b 
200 1 |a Исследование автоматизированной системы "Умный Дом" с точки зрения интеграции инженерных систем  |f А. А. Сидунов, Е. И. Громаков 
203 |a Текст  |c электронный 
215 |a 1 файл (803 Кб) 
300 |a Заглавие с титульного листа. 
337 |a Adobe Reader 
463 1 |0 (RuTPU)RU\TPU\conf\314  |t Молодежь и современные информационные технологии  |o сборник трудов V Всероссийской научно-практической конференции студентов, аспирантов и молодых ученых, г. Томск, 27 февраля - 1 марта 2007 г.  |f Томский политехнический университет (ТПУ), Институт "Кибернетический центр" ; ред. коллегия А. И. Кочегуров ; О. М. Замятина ; И. А. Ботыгин ; В. П. Зимин ; В. Б. Новосельцев ; Е. А. Дмитриева ; В. С. Шерстнёв  |v [С. 326-328]  |d 2007 
610 1 |a труды учёных ТПУ 
610 1 |a электронный ресурс 
610 1 |a автоматизированные системы 
610 1 |a Умный дом 
610 1 |a инженерные системы 
700 1 |a Сидунов  |b А. А. 
701 1 |a Громаков  |b Е. И.  |c специалист в области автоматизированных систем управления  |c доцент Томского политехнического университета, кандидат технических наук  |f 1943-  |g Евгений Иванович  |3 (RuTPU)RU\TPU\pers\25727  |9 11629 
801 2 |a RU  |b 63413507  |c 20131223  |g RCR 
856 4 |u http://www.lib.tpu.ru/fulltext/c/2007/C04/006.pdf 
942 |c BK